| 000 | 00370nam a22001217a 4500 | ||
|---|---|---|---|
| 082 | _a220 PRO | ||
| 100 |
_aQANDEEL,SANIA,SALEHA,SIDRA, _972470 |
||
| 245 | _aPR-SOF-1194-REAL TIME ROBOTIC SOUND SOURCE LOCALIZATION & CAMERA STEERING | ||
| 260 |
_aISLAMABAD _bNUST COLLEGE OF EME _c2012 |
||
| 650 | _a DE-ELECT-30 | ||
| 700 |
_aDR SALMAN,DR UMER IZHAR _972471 |
||
| 942 | _cCR | ||
| 999 |
_c578491 _d578491 |
||